Statistics for Liège-Bastogne-Liège Winners (since 2000)

Click here to take the quiz!

General Stats

  • This quiz has been taken 18 times
    (5 since last reset)
  • The average score is 18 of 25

Answer Stats

YearNationalityAnswerTeam% Correct
2008SpainAlejandro ValverdeCaisse d'Epargne
100%
2017SpainAlejandro ValverdeMovistar Team
100%
2006SpainAlejandro ValverdeCaisse d'Epargne-Illes Balears
100%
2015SpainAlejandro ValverdeMovistar Team
100%
2005KazakhstanAlexandre VinokourovT-Mobile Team
100%
2010KazakhstanAlexandre VinokourovAstana
100%
2009LuxembourgAndy SchleckTeam Saxo Bank
100%
2020SloveniaPrimož RogličTeam Jumbo-Visma
100%
2022BelgiumRemco EvenepoelQuick-Step Alpha Vinyl Team
100%
2023BelgiumRemco EvenepoelSoudal-Quick-Step
100%
2024SloveniaTadej PogačarUAE Team Emirates
100%
2021SloveniaTadej PogačarUAE Team Emirates
100%
2019DenmarkJakob FuglsangAstana
80%
2011BelgiumPhilippe GilbertOmega Pharma-Lotto
80%
2018LuxembourgBob JungelsQuick-Step Floors
60%
2013IrelandDan MartinGarmin-Sharp
60%
2002ItalyPaolo BettiniMapei-Quick-Step
60%
2000ItalyPaolo BettiniMapei-Quick-Step
60%
2016The NetherlandsWout PoelsTeam Sky
60%
2004ItalyDavide RebellinGerolsteiner
40%
2014AustraliaSimon GerransOrica-GreenEDGE
40%
2003United StatesTyler HamiltonTeam CSC
40%
2007ItalyDanilo Di LucaLiquigas
20%
2012KazakhstanMaxim IglinskyAstana
20%
2001SwitzerlandOscar CamenzindLampre-Daikin
0%

Score Distribution

Percentile by Number Answered

Percent of People with Each Score

Your Score History

You have not taken this quiz since the last reset